000 00639naa a2200205 4500
001 190073
003 ES-MaBCM
005 20241016193022.0
008 120404s2012 esp|r0p 0 ||spa d
021 _axx
035 _a(OCoLC)1365182228
040 _cES-MaBCM
100 1 _aMuñoz Machado, Santiago
_932951
245 0 0 _aEspaña como preocupación
_cSantiago Muñoz Machado
650 2 7 _aRecesión económica
_958194
650 2 7 _aSituación política
_960283
651 2 4 _aEspaña
_9115342
773 0 _aEn:
_tEl cronista del Estado social y democrático de derecho
_dMadrid
_gNº 25 (en. 2012), p. 4-12
_w165246
942 _cAREV
999 _c190073
_d190073